000 00543 a2200157 4500
999 _c7947
_d7947
020 _a9780099510840
050 _aKF225 GRI 2014
100 _aGriesbach, Michael
_eauthor
245 _aThe innocent killer :
_b the true story of a wrongful conviction and its astonishing aftermath /
_cMichael Griesbach
264 _aLondon:
_bWindmill Books,
_c2016.
300 _ax., 281 pages
500 _alncludes index
650 _aAvery, Steven -- Trials, litigation, etc.
650 _aTrials (Murder) -- Wisconsin.
942 _2lcc
_cBK
_h225
_iGRI
_kKF